О путях повышения эффективности энергообследования; Энергосбережение и энергетическая безопасность регионов России

Dades bibliogràfiques
Parent link:Энергосбережение и энергетическая безопасность регионов России.— 2004.— С. 41-43
Autor principal: Литвак В. В. Валерий Владимирович
Altres autors: Маркман П. Г., Ушаков В. Я. Василий Яковлевич
Sumari:В фонде НТБ ТПУ отсутствует
Idioma:rus
Publicat: 2004
Matèries:
Format: MixedMaterials Capítol de llibre
KOHA link:https://koha.lib.tpu.ru/cgi-bin/koha/opac-detail.pl?biblionumber=595455

MARC

LEADER 00000naa0a2200000 4500
001 595455
005 20250303123930.0
035 |a (RuTPU)RU\TPU\tpu\16626 
090 |a 595455 
100 |a 20090922d2004 k||y0rusy50 ca 
101 0 |a rus 
102 |a RU 
200 1 |a О путях повышения эффективности энергообследования  |f В. В. Литвак, П. Г. Маркман, В. Я. Ушаков 
333 |a В фонде НТБ ТПУ отсутствует 
463 |t Энергосбережение и энергетическая безопасность регионов России  |o тезисы докладов V Всероссийского совещания, Томск, 10-12 ноября 2004 г.  |v С. 41-43  |d 2004 
610 1 |a труды учёных ТПУ 
700 1 |a Литвак  |b В. В.  |c специалист в области теплоэнергетики  |c профессор Томского политехнического университета, доктор технических наук  |f 1940-  |g Валерий Владимирович  |3 (RuTPU)RU\TPU\pers\25676  |9 11587 
701 1 |a Маркман  |b П. Г. 
701 1 |a Ушаков  |b В. Я.  |c специалист в области электроэнергетики  |c профессор Томского политехнического университета, доктор технических наук  |f 1939-  |g Василий Яковлевич  |3 (RuTPU)RU\TPU\pers\10509  |9 2236 
801 1 |a RU  |b 63413507  |c 20090922 
801 2 |a RU  |b 63413507  |c 20140304  |g RCR 
942 |c BK